An Evaluation of the effects of career development practices on lecturers' performance in public universities in Kenya / (Record no. 15384)
[ view plain ]
| 000 -LEADER | |
|---|---|
| fixed length control field | 00727cam a22002052 4500 |
| 001 - CONTROL NUMBER | |
| control field | 0000023535 |
| 005 - DATE AND TIME OF LATEST TRANSACTION | |
| control field | 20151217161557.0 |
| 008 - FIXED-LENGTH DATA ELEMENTS--GENERAL INFORMATION | |
| fixed length control field | 130215s xx 000 0 eng d |
| 040 ## - CATALOGING SOURCE | |
| Original cataloging agency | KABU |
| Transcribing agency | KABU |
| 100 1# - MAIN ENTRY--PERSONAL NAME | |
| Personal name | Manyasi N. Janet. |
| -- | 0000182969 |
| 245 13 - TITLE STATEMENT | |
| Title | An Evaluation of the effects of career development practices on lecturers' performance in public universities in Kenya / |
| Statement of responsibility, etc. | Manyasi N. Janet. |
| 250 ## - EDITION STATEMENT | |
| Edition statement | 1st ed. |
| 260 ## - PUBLICATION, DISTRIBUTION, ETC. (IMPRINT) | |
| Place of publication, distribution, etc. | Kabarak, Kenya : |
| Name of publisher, distributor, etc. | Kabarak University, |
| Date of publication, distribution, etc. | 2012. |
| 300 ## - PHYSICAL DESCRIPTION | |
| Extent | xiii, 142 leaves. |
| 502 ## - DISSERTATION NOTE | |
| Dissertation note | Thesis ( Ph D ) - Kabarak University, 2012. |
| 650 #0 - SUBJECT ADDED ENTRY--TOPICAL TERM | |
| Topical term or geographic name as entry element | Career development. |
| -- | 0000139411 |
| 908 ## - PUT COMMAND PARAMETER (RLIN) | |
| Put command parameter | 130215 |
| 950 ## - LOCAL HOLDINGS (RLIN) | |
| -- | 1 |
| Withdrawn status | Lost status | Source of classification or shelving scheme | Not for loan | Home library | Current library | Date acquired | Total Checkouts | Full call number | Barcode | Date last seen | Date last checked out | Price effective from | Koha item type |
|---|---|---|---|---|---|---|---|---|---|---|---|---|---|
| Library of Congress Classification | Kabarak, Main Campus | Kabarak, Main Campus | 17/12/2015 | 2 | HF5549 .C35M36 2012 c. 1 | 014388 | 14/11/2016 | 14/11/2016 | 17/12/2015 | Thesis, Dissertation and Projecs |